00336pab a2200133 454500008004000000100002500040245004000065260000900105300000900114362001000123650002800133650002100161773002000182180718b1996 xxu||||| |||| 00| 0 eng d aChhabra, Hari Sharan aCooperation in the Indian Ocean Rim c1996 ap.10 a8 Nov aInternational relations aIndian Ocean Rim aHindustan Times